000 00500nam a2200145Ia 4500
008 231129s2010||||xx |||||||||||||| ||spa||
020 _a978-958-753-010-0
040 _bspa
082 _a986.103 H673h
100 _aMuseo Nacional de Colombia
245 0 _aLas historias de un grito. Doscientos años de ser colombianos. Exposición conmemorativa del Bicentenario
260 _c2010
264 _aBogotá Colombia : Museo Nacional de Colombia
942 _2ddc
_cBKS
999 _c18771
_d18771